| 000 | 00774nam a2200241 a 4500 | ||
|---|---|---|---|
| 005 | 20210219160248.0 | ||
| 008 | 081001s1992 mx r 000 0 spa d | ||
| 020 | _a9233017095 | ||
| 035 | _aUPN01000161797 | ||
| 049 | _aUNE | ||
| 080 | _a960 "VII-XI" HIS Vol.3 | ||
| 245 | 0 | 0 |
_aHistoria General de Africa III : _bAfrica entre los siglos VII y XI / _cDirigida porM. El Fasi; I. Hrbek; traducción de Olga Azancot Caum. |
| 260 |
_aParís : _bUNESCO; _aMadrid : _bTecnos , _c1992. |
||
| 300 |
_a888 p. ; _bil., map. |
||
| 440 | 0 | _a84-309-0901-X (Tecnos, S.A. | |
| 500 | _aIncluye bibliografía | ||
| 690 | _aHistoria africana | ||
| 690 | _aHistoria antigua- Africa | ||
| 700 | 1 | _aM. El Fasi, dir | |
| 700 | 1 | _aHrbek, I., dir. | |
| 710 | 2 | _aUNESCO | |
| 905 | _aUNESCO | ||
| 999 |
_c133910 _d133910 |
||